LEADER 00926nam a2200253 i 4500 001 000000126432 003 CaOOAMICUS 005 20250915121048.0 008 051213s1957 it u000 u ita u 013 $a99138 040 $aSeMil$bita 100 1 $aBaldini, Antonio,$d<1889-1962>.$0(OLS)http://semarc/name/7013 245 13$aIl doppio melafumo /$cAntonio Baldini. 260 $aTorino :$bEdizioni Radio Italiana,$c1957. 300 $a182 p. :$bill. ;$c20 cm. 490 0 $aIl libro della sera ;$v3 830 3$aIl libro della sera ;$v3.$0(OLS)http://semarc/title/19872 850 $aSeMil 852 $aSeMil$W1$xVenegono$y1$m1D II 73$j80805$B80805$CSeMilBibl$Z2$F106922 $81 941 1 $a1 961 $aOmaggio: Ciprandi dott. Paolo 996 $6245$aIl doppio melafumo$9(OLS)http://semarc/title/186407 996 $6260$aTorino :$bEdizioni Radio Italiana$9(OLS)http://semarc/publisher/34053 LEADER 00559nam a2200169 i 4500 001 000000240366 003 CaOOAMICUS 005 20150327000000.0 008 150327s1879 it u000 u fre u 013 $a219271 040 $aSeMil$bita 245 10$aHomélies. 2. 300 $a639 p. 773 0 $tEncyclopédie de la prédication contemporaine.$dMarseille : J. Mingardon, 1885.$g[21$w()31651 850 $aSeMil 852 $aSeMil$W1$xVenegono$y1$m3D V 150 FA$j190712$B190712$CSeMilBibl$Z2$F201547 $8I 996 $6245$aHomélies. 2$9(OLS)http://semarc/title/341919